书目信息 |
| 题名: |
《电磁学》习题选解
|
|
| 作者: | 周岳明 编 | |
| 分册: | ||
| 出版信息: | 北京 北京大学出版社 1980 |
|
| 页数: | 116页 | |
| 开本: | 19cm | |
| 丛书名: | ||
| 单 册: | ||
| 中图分类: | O441-44 | |
| 科图分类: | ||
| 主题词: | 电磁学--解题 | |
| 电子资源: | ||
| ISBN: | ||
| 000 | 00628nam0 2200229 45 | |
| 001 | 0180005219 | |
| 005 | 20060818170840.65 | |
| 010 | @dCNY0.40 | |
| 091 | @a13209.4 | |
| 100 | @a19950615d1980 em y0chiy0121 ea | |
| 101 | 0 | @achi |
| 102 | @aCN@b110000 | |
| 105 | @ay q 000yy | |
| 200 | 12 | @a《电磁学》习题选解@Adian ci xue xi ti xuan jie@f周岳明等编@Fzhou yue ming deng bian |
| 210 | @a北京@c北京大学出版社@d1980 | |
| 215 | @a116页@d19cm | |
| 606 | @a电磁学@x解题 | |
| 690 | @aO441-44@v3 | |
| 701 | 0 | @a周岳明@Azhou yue ming@4编 |
| 801 | 0 | @aCN@b上海图书馆@c20060818 |
| 801 | 2 | @aCN@bNLC@c20060814 |
| 905 | @dO441-44@e3 | |
| 《电磁学》习题选解/周岳明等编.-北京:北京大学出版社,1980 |
| 116页;19cm |
| ISBN :CNY0.40 |
| ● |
| 相关链接 |
|
|
|
|
正题名:《电磁学》习题选解
索取号:O441-44/3
 
预约/预借
| 序号 | 登录号 | 条形码 | 馆藏地/架位号 | 状态 | 备注 |
| 1 | 0036190 | 001460181 | 第三借阅区/ [索取号:O441-44/3] | 在馆 | |
| 2 | 0036191 | 001467479 | 第三借阅区/ [索取号:O441-44/3] | 在馆 | |
| 3 | 0036192 | 001460261 | 第三借阅区/ [索取号:O441-44/3] | 在馆 | |
| 4 | 0036193 | 001460207 | 第三借阅区/ [索取号:O441-44/3] | 在馆 | |
| 5 | 0036194 | 001460252 | 第三借阅区/ [索取号:O441-44/3] | 在馆 | |
| 6 | 0036196 | 001460305 | 第三借阅区/ [索取号:O441-44/3] | 在馆 | |
| 7 | 0036197 | 001456837 | 密集书库/ [索取号:O441-44/3] | 在馆 | |
| 8 | 0036198 | 001460190 | 第三借阅区/ [索取号:O441-44/3] | 在馆 | |
| 9 | 0036199 | 001460216 | 第二样本阅览室/ [索取号:O441-44/3] | 在馆 | |
| 10 | 0065732 | 001460172 | 第三借阅区/ [索取号:O441-44/3] | 在馆 | |
| 11 | 0065734 | 001460323 | 第三借阅区/ [索取号:O441-44/3] | 在馆 | |
| 12 | 0065735 | 001460289 | 第三借阅区/ [索取号:O441-44/3] | 在馆 | |
| 13 | 0065736 | 001460314 | 第三借阅区/ [索取号:O441-44/3] | 在馆 | |
| 14 | 0111411 | 001460225 | 第三借阅区/ [索取号:O441-44/3] | 在馆 | |
| 15 | 0111412 | 001460234 | 第三借阅区/ [索取号:O441-44/3] | 在馆 | |
| 16 | 0111413 | 001460243 | 第三借阅区/ [索取号:O441-44/3] | 在馆 | |
| 17 | 0158082 | 001460270 | 第三借阅区/ [索取号:O441-44/3] | 在馆 | |
| 18 | 0434053 | 204340533 | 密集书库/ [索取号:O441-44/3] | 在馆 | |
| 19 | 0460908 | 204609085 | 密集书库/ [索取号:O441-44/3] | 在馆 | |
| 20 | 0460909 | 204609094 | 密集书库/ [索取号:O441-44/3] | 在馆 | |
| 21 | 0460910 | 204609101 | 密集书库/ [索取号:O441-44/3] | 在馆 | |
| 22 | 0460911 | 204609110 | 密集书库/ [索取号:O441-44/3] | 在馆 | |
| 23 | 0460912 | 204609129 | 密集书库/ [索取号:O441-44/3] | 在馆 | |
| 24 | 0460913 | 204609138 | 密集书库/ [索取号:O441-44/3] | 在馆 | |
| 25 | 0460914 | 204609147 | 密集书库/ [索取号:O441-44/3] | 在馆 | |
| 26 | 0460915 | 204609156 | 密集书库/ [索取号:O441-44/3] | 在馆 | |
| 27 | 0460916 | 204609165 | 密集书库/ [索取号:O441-44/3] | 在馆 | |
| 28 | 0460917 | 204609174 | 密集书库/ [索取号:O441-44/3] | 在馆 | |
| 29 | 0468752 | 204687525 | 密集书库/ [索取号:O441-44/3] | 在馆 | |
| 30 | 0468753 | 204687534 | 密集书库/ [索取号:O441-44/3] | 在馆 | |
| 31 | 0468754 | 204687543 | 密集书库/ [索取号:O441-44/3] | 在馆 |